[Event "Muret Veterans op"]
[Site "Muret"]
[Date "2009.06.21"]
[Round "7"]
[White "Ribou, Jacques"]
[Black "Rouede, Gilbert"]
[Result "0-1"]
[WhiteElo "1730"]
[BlackElo "1811"]
[PlyCount "100"]
[EventDate "2009.06.15"]
[EventType "swiss"]
[EventRounds "7"]
[EventCountry "FRA"]
[SourceTitle "EXT 2010"]
[Source "ChessBase"]
[SourceDate "2010.11.25"]
[SourceVersion "1"]
[SourceVersionDate "2010.11.25"]
[SourceQuality "1"]

1. e4 c5 2. Nc3 Nc6 3. d3 d6 4. g3 g6 5. Bg2 Nf6 6. Nge2 Bg7 7. 0-0 0-0 8. h3 Rb8 9. Be3 e5 10. Qd2 b5 11. Bh6 b4 12. Nd1 Nd4 13. Bxg7 Kxg7 14. f4 Nh5 15. Kh2 Nxe2 16. Qxe2 exf4 17. gxf4 Qh4 18. Qf2 Qxf2 19. Rxf2 a5 20. b3 Bd7 21. Ne3 Bc6 22. f5 a4 23. Bf1 axb3 24. axb3 Ra8 25. Rxa8 Rxa8 26. Be2 Nf6 27. Bf3 Ra6 28. Rg2 Nd7 29. fxg6 hxg6 30. Nf5+ Kf6 31. Nxd6 Ne5 32. Rf2 Ke6 33. Nc4 Nxc4 34. dxc4 Ke5 35. Bg4 Bxe4 36. Rd2 f5 37. Bd1 Ra2 38. Kg3 g5 39. h4 gxh4+ 40. Kxh4 Kf4 41. Kh3 Ra8 42. Rf2+ Ke3 43. Re2+ Kd4 44. Kh4 Rg8 45. Rf2 Rg2 46. Rf4 Kc3 47. Bh5 Kxc2 48. Kh3 Rg7 49. Bf3 Bd3 50. Rd4 cxd4 0-1